Gimme Five: March Madness Quiz Stats

Quiz not verified by Sporcle

Challenge
Share
Tweet
Embed
Score 0/45 Timer 05:00
0 Plays Today
% Correct
Duke
92.2%
North Carolina
86.2%
Syracuse (34)
85%
Connecticut
83.9%
Kansas
82.2%
Big Ten (10)
76.4%
Florida
75%
SEC (10)
74.6%
ACC (12)
73.9%
Big East (11)
70.9%
John Wooden (10)
68.7%
Pac-12 (13)
66.4%
St. Johns (28)
65.9%
Mississippi (6)
62.3%
Indianapolis (5)
57.1%
Georgia (11)
55.6%
Auburn (8)
55.4%
Bob Knight (3)
54.2%
Mississippi State (10
52.3%
Mike Krzyzewski (4)
50.8%
South Carolina (8)
50%
Kemba Walker
43%
Adolph Rupp (4)
38.9%
% Correct
Mario Chalmers
33%
Louisville (6)
32.6%
Cornell,St. bonaventure (5)
28.7%
Jim Calhoun (3)
27.3%
Kyle Singler
27.3%
Kansas City (10)
27.1%
Corey Brewer
26.5%
Villanova
25.8%
Ohio (2010)
24.1%
Cornell (2010)
23.5%
Wayne Ellington
17.8%
Siena (6)
17.6%
Ohio State
16%
New York City (7)
15.2%
Iona (8)
14.5%
Seattle (5)
14%
Richmond (2011)
11.8%
Wisconsin
11.6%
Marquette
9.6%
Murray St (2010)
6.8%
Morehead St (2011)
5.8%
Holy Cross
5.1%

You're not logged in!

Compare scores with friends on all Sporcle quizzes.
Join for Free
OR
Log In

You Might Also Like...

Show Comments

Extras

Top Quizzes Today


Score Distribution

Your Account Isn't Verified!

In order to create a playlist on Sporcle, you need to verify the email address you used during registration. Go to your Sporcle Settings to finish the process.

Report this User

Report this user for behavior that violates our Community Guidelines.

Details: